000 01287nam a2200325 i 4500
001 768714001
003 CO-MdFUSB
005 20210625125259.0
007 ta
008 210625t2017 -us |||| |||| 00| 0 spa d
020 _a9781433644962
040 _aCO-MdFUSB
_bspa
_cCO-MdFUSB
_dCO-MdFUSBC
_erda
041 _aspa
_heng
082 _223
_a248.844
_bk29
100 1 _aKeller, Timothy,
_d1950-
_eautor
240 _aThe meaning of Marriage: Facing the complexities of committtment with the wisdom of God
245 1 3 _aEl significado del matrimonio :
_bcómo enfrentar las dificultades del compromiso con la sabiduría de Dios.
_c/ Timothy Keller
264 1 _aEstados Unidos :
_bB y H Publishing Group,
_c[2017]
264 4 _c© 2017
300 _a312 páginas
_c; 23 cm
336 _2rdacontent
_atexto
_btxt
337 _2rdamedia
_asin mediación
_bn
338 _2rdacarrier
_avolumen
_bnc
490 _aTGC Coalición,
505 _aEl secreto del matrimonio. -- La esencia del matrimonio. -- La misión del matrimonio. -- Amar a la persona desconocida. -- La aceptación en el matrimonio. -- Soltería y matrimonio. -- Sexo y matrimonio.
563 _aRústico
650 7 _9291
_aMatrimonio
_bCristianismo
_xAspectos religiosos
942 _cBK
945 _aJTF-925
999 _c66764
_d66764